A full history of the wonderful career of Moody and Sankey, in Great Britain and America. (Record no. 2085)

000 -LEADER
fixed length control field 00547nam a2200169 a 4500
001 - CONTROL NUMBER
control field :::00019067$&:&@@
003 - CONTROL NUMBER IDENTIFIER
control field OkBaRHE
005 - DATE AND TIME OF LATEST TRANSACTION
control field 20100327145105.0
008 - FIXED-LENGTH DATA ELEMENTS--GENERAL INFORMATION
fixed length control field s1877 j 000 0 eng u
040 ## - CATALOGING SOURCE
Transcribing agency
100 1# - MAIN ENTRY--PERSONAL NAME
Personal name Goodspeed, E. J.
245 12 - TITLE STATEMENT
Title A full history of the wonderful career of Moody and Sankey, in Great Britain and America.
260 ## - PUBLICATION, DISTRIBUTION, ETC. (IMPRINT)
Place of publication, distribution, etc Chicago
Name of publisher, distributor, etc N. D. thompson & Co.
Date of publication, distribution, etc 1877
300 ## - PHYSICAL DESCRIPTION
Extent 719 p.
942 ## - ADDED ENTRY ELEMENTS (KOHA)
Source of classification or shelving scheme
Koha item type Books
Copies
Source of classification or shelving scheme Collection code Not for loan Full call number Date last seen Lost status Permanent Location Barcode Shelving location Date acquired Copy number Koha item type Price effective from Withdrawn status Damaged status
 Reference BV 4241 .G62010-04-14 RHEMA Bible Training College19067General Stacks2010-04-141Books2010-04-14